000 00689nam a2200193 a 4500
005 20250111063819.0
008 991125s1978 ch 000 0 spa u
035 _aUPN01000016242
049 _aF
050 4 _aLB1028
_bG8.3
100 1 _aGutiérrez, Gonzalo
245 1 0 _aDiseño preliminar de una red latinoamericana de documentacion en educación (REDU) /
_cGonzalo Gutiérrez.
260 _aSantiago de Chile :
_bCentro de Investigación y Desarrollo de la Educación,
_c1978.
300 _a45 h.
440 0 _aDocumentos de trabajo ;
_v12
650 4 _aEducación
_xPlanificación
_91146
650 4 _aEducación
_zAmérica Latina
_xServicios de información
_918136
905 _aLibro
999 _c16242
_d16242